Hacia un nuevo orden financiero / (Registro nro. 11960)
[ vista simple ]
| 000 -LEADER | |
|---|---|
| fixed length control field | 01457cam a2200229 a 4500 |
| 003 - CONTROL NUMBER IDENTIFIER | |
| control field | OSt |
| 005 - DATE AND TIME OF LATEST TRANSACTION | |
| control field | 20210723101740.0 |
| 008 - FIXED-LENGTH DATA ELEMENTS--GENERAL INFORMATION | |
| fixed length control field | 901029s19820000ck a gr 1 spa d |
| 040 ## - CATALOGING SOURCE | |
| Original cataloging agency | CO-BoPUJ |
| Transcribing agency | CO-JMCR |
| 082 04 - DEWEY DECIMAL CLASSIFICATION NUMBER | |
| Classification number | 332.0986 / |
| Item number | C766h |
| Edition number | 23 |
| 111 2# - MAIN ENTRY--MEETING NAME | |
| Meeting name or jurisdiction name as entry element | Convención Bancaria y de Instituciones Financieras |
| Number of part/section/meeting | (20 : |
| Date of meeting or treaty signing | 1982 Oct. 28-29 : |
| Location of meeting | Cartagena) |
| 9 (RLIN) | 38653 |
| 245 10 - TITLE STATEMENT | |
| Title | Hacia un nuevo orden financiero / |
| Statement of responsibility, etc. | Vigésima Convención Bancaria y de Instituciones Financieras ; Asociación Bancaria de Colombia. |
| 260 ## - PUBLICATION, DISTRIBUTION, ETC. | |
| Place of publication, distribution, etc. | Cartagena, Colombia : |
| Name of publisher, distributor, etc. | Asociación Bancaria de Colombia, |
| Date of publication, distribution, etc. | 1982. |
| 300 ## - PHYSICAL DESCRIPTION | |
| Extent | 146 páginas ; |
| Dimensions | 23 cm. |
| 490 0# - SERIES STATEMENT | |
| Series statement | Banca ; |
| Volume/sequential designation | 82 |
| 505 ## - FORMATTED CONTENTS NOTE | |
| Title | Palabras de bienvenida. / |
| Statement of responsibility | José Vicente Lozano. -- |
| Title | Las perturbaciones del sector financiero: sus causas y las posibles soluciones. / |
| Statement of responsibility | Guillermo Núñez Vergara, -- |
| Title | Sesión de instalación. / |
| Statement of responsibility | Germán Botero de los Ríos. -- |
| Title | Sesión de Clausura. / |
| Statement of responsibility | Jorge Mejía Salazar. / |
| Title | Sesión de Clausura. / |
| Statement of responsibility | Edgar Gutiérrez Castro. -- |
| Title | Economía, sistema financiero y confianza pública. / |
| Statement of responsibility | Carlos Caballero Argáez |
| Title | Cómo acoplarse a la desinflación con lento crecimiento. / |
| Statement of responsibility | Frederick Deming. -- |
| Title | Barbados, un centro creciente para los negocios extraterritoriales. / |
| Statement of responsibility | Courtney N. Blackman. |
| 650 24 - SUBJECT ADDED ENTRY--TOPICAL TERM | |
| Topical term or geographic name entry element | Finanzas |
| 9 (RLIN) | 38654 |
| 650 24 - SUBJECT ADDED ENTRY--TOPICAL TERM | |
| Topical term or geographic name entry element | Bancos |
| Geographic subdivision | Colombia |
| 9 (RLIN) | 8156 |
| 650 24 - SUBJECT ADDED ENTRY--TOPICAL TERM | |
| Topical term or geographic name entry element | Instituciones financieras |
| 9 (RLIN) | 38655 |
| 710 1# - ADDED ENTRY--CORPORATE NAME | |
| Corporate name or jurisdiction name as entry element | Asociación Bancaria de Colombia. |
| 9 (RLIN) | 8022 |
| 942 ## - ADDED ENTRY ELEMENTS (KOHA) | |
| Source of classification or shelving scheme | Dewey Decimal Classification |
| Koha item type | Books |
| Withdrawn status | Lost status | Source of classification or shelving scheme | Damaged status | Not for loan | Home library | Current library | Shelving location | Date acquired | Source of acquisition | Full call number | Barcode | Date last seen | Copy number | Price effective from | Koha item type |
|---|---|---|---|---|---|---|---|---|---|---|---|---|---|---|---|
| Dewey Decimal Classification | Biblioteca Pública José María del Castillo y Rada | Biblioteca Pública José María del Castillo y Rada | General Stacks | 04/15/2018 | Donación | 332.0986 / C766h | 430003978 | 05/16/2024 | Ej.1 | 03/10/2021 | Books |